Thirtythree years of annals of library science and documentation : (Record no. 122908)

MARC details
000 -LEADER
fixed length control field 00816nam a22002537a 4500
005 - DATE AND TIME OF LATEST TRANSACTION
control field 20170124105917.0
010 ## - LIBRARY OF CONGRESS CONTROL NUMBER
LC control number A-351823
020 ## - INTERNATIONAL STANDARD BOOK NUMBER
Terms of availability 160.00
International Standard Book Number 8185176214
035 ## - SYSTEM CONTROL NUMBER
System control number A-351823
037 ## - SOURCE OF ACQUISITION
Source of stock number/acquisition Cen Lib/Ret
040 ## - CATALOGING SOURCE
Original cataloging agency DPL
Language of cataloging EN
082 ## - DEWEY DECIMAL CLASSIFICATION NUMBER
Classification number 020.16
Item number TEJ
100 ## - MAIN ENTRY--PERSONAL NAME
Personal name Tejomurty, A.
9 (RLIN) 105165
245 ## - TITLE STATEMENT
Title Thirtythree years of annals of library science and documentation :
Statement of responsibility, etc by A. Tejomurty [and] K. H. Shukla
Remainder of title camulative index, 1954-1986 /
260 ## - PUBLICATION, DISTRIBUTION, ETC. (IMPRINT)
Place of publication, distribution, etc Rajisthan
Name of publisher, distributor, etc R. B. S. A. Publishers
Date of publication, distribution, etc 1988
270 ## - ADDRESS
City Jaipur
Address SMS Highway
300 ## - PHYSICAL DESCRIPTION
Extent 187p.
Dimensions 22cm(Hb)
490 ## - SERIES STATEMENT
Series statement IATLIS series
Volume number/sequential designation 4
500 ## - GENERAL NOTE
General note Includes index
650 ## - SUBJECT ADDED ENTRY--TOPICAL TERM
Topical term or geographic name as entry element Library Science
9 (RLIN) 105166
650 ## - SUBJECT ADDED ENTRY--TOPICAL TERM
Topical term or geographic name as entry element Documentation-Library Science
9 (RLIN) 105167
700 ## - ADDED ENTRY--PERSONAL NAME
Personal name Shukla, K. H.
9 (RLIN) 3019
942 ## - ADDED ENTRY ELEMENTS (KOHA)
Source of classification or shelving scheme Dewey Decimal Classification
Koha item type English Books
Classification part 020.16
Call number suffix TEJ
Holdings
Withdrawn status Lost status Damaged status Not for loan Collection code Home library Current library Date acquired Source of acquisition Cost, normal purchase price Total Checkouts Full call number Barcode Date last seen Copy number Cost, replacement price Price effective from Koha item type
      Not For Loan Reference Central Library Central Library 30/05/2015 Cen Lib/Ret 160.00   020.16 TEJ A-351823 30/05/2015 1 160.00 30/05/2015 English Books

© Delhi Public Library
Hit Counter
free hit counter